La Investigación científica y desarrollo tecnológico, reflexiones para la sociedad latinoamericana /
Con el objeto de realizar algunas reflexiones sobre la incidencia de la ciencia y la tecnología en la sociedad, se realiza un estudio documental de algunas perspectivas de cómo el desarrollo de las ciencias y tecnologías, pueden contribuir, bien, en abrir más las brechas de los países tecnológicamen...
Kaydedildi:
| Yazar: | |
|---|---|
| Materyal Türü: | Metin |
| Konular: | |
| Etiketler: |
Etiketle
Etiket eklenmemiş, İlk siz ekleyin!
|
MARC
| LEADER | 00000 a a2200000 04500 | ||
|---|---|---|---|
| 001 | 2907 | ||
| 003 | |||
| 040 | |||
| 100 | |a Reimí Manchez, Maria | ||
| 245 | |a La Investigación científica y desarrollo tecnológico, reflexiones para la sociedad latinoamericana / |c Maria Reimí Manchez | ||
| 520 | |a Con el objeto de realizar algunas reflexiones sobre la incidencia de la ciencia y la tecnología en la sociedad, se realiza un estudio documental de algunas perspectivas de cómo el desarrollo de las ciencias y tecnologías, pueden contribuir, bien, en abrir más las brechas de los países tecnológicamente desarrollados y los llamados países en desarrollo, o bien, en cerrar dicha brecha, que a través de procesos de cooperación tecnológica, contribuyan un paso adelante hacia el desarrollo y la integración. Se ofrecen recomendaciones para fomentar la cultura de la cooperación, como paradigma de mejoramiento continuo de los procesos y la transformación de la sociedad, destacando que se debe evidenciar en una mayor pertinencia social de la tecnología con su entorno, y una mayor y mejor calidad humana de la sociedad, para que aprovechando las tecnologías de comunicación e información, se puedan crear vías de participación y contribuir con el desarrollo sostenido de nuestros pueblos | ||
| 650 | |a AYUDA AL DESARROLLO | ||
| 650 | |a TRANSFERENCIA DE TECNOLOGIA | ||
| 650 | |a CIENCIA Y TECNOLOGIA | ||
| 650 | |a CALIDAD DE LA EDUCACION | ||
| 773 | |g volumen 27, número 4; páginas 549-555 | ||
| 999 | |c 33870 |d 33870 | ||
